|
|
|
|
| LEADER |
00000nam0a2200000 4500 |
| 001 |
250429 |
| 005 |
20231101232548.0 |
| 035 |
|
|
|a (RuTPU)RU\TPU\book\272629
|
| 090 |
|
|
|a 250429
|
| 100 |
|
|
|a 20140213d1979 k y0rusy50 ca
|
| 101 |
1 |
|
|a rus
|c eng
|
| 102 |
|
|
|a RU
|
| 105 |
|
|
|a a z 101zy
|
| 200 |
1 |
|
|a Теоретическая и прикладная механика
|e труды XIV Международного конгресса IUTAM, с 30 августа по 4 сентября 1976 г., г. Делфт (Нидерланды)
|e пер. с англ.
|f под ред. В. Т. Койтера
|
| 210 |
|
|
|a Москва
|c Мир
|d 1979
|
| 215 |
|
|
|a 765 с.
|c ил.
|
| 320 |
|
|
|a Библиография в конце докладов.
|
| 320 |
|
|
|a Именной указатель: с.751-763.
|
| 606 |
1 |
|
|a Механика теоретическая
|2 stltpush
|3 (RuTPU)RU\TPU\subj\59441
|9 76991
|
| 610 |
1 |
|
|a математика
|
| 610 |
1 |
|
|a физический мир
|
| 610 |
1 |
|
|a вычислительные машины
|
| 610 |
1 |
|
|a биомеханика
|
| 610 |
1 |
|
|a микрогидродинамика
|
| 610 |
1 |
|
|a биомеханика
|
| 610 |
1 |
|
|a успехи
|
| 610 |
1 |
|
|a волны
|
| 610 |
1 |
|
|a распространение
|
| 610 |
1 |
|
|a микромеханика
|
| 610 |
1 |
|
|a турбулентные течения
|
| 610 |
1 |
|
|a функциональный анализ
|
| 610 |
1 |
|
|a механика сплошной среды
|
| 610 |
1 |
|
|a деформируемые тела
|
| 610 |
1 |
|
|a сцепление
|
| 610 |
1 |
|
|a поток
|
| 610 |
1 |
|
|a акустика
|
| 610 |
1 |
|
|a трансзвуковые течения
|
| 610 |
1 |
|
|a пластическая деформация
|
| 610 |
1 |
|
|a локализация
|
| 610 |
1 |
|
|a уравнения
|
| 610 |
1 |
|
|a составление
|
| 610 |
1 |
|
|a неголономные системы
|
| 610 |
1 |
|
|a стратифицированные среды
|
| 610 |
1 |
|
|a течения Навье-Стокса
|
| 610 |
1 |
|
|a катастрофы
|
| 610 |
1 |
|
|a неупругие процессы
|
| 610 |
1 |
|
|a конференции
|
| 675 |
|
|
|a 531(063)
|v 3
|
| 702 |
|
1 |
|a Койтер
|b В. Т.
|4 340
|
| 712 |
1 |
2 |
|a Теоретическая и прикладная механика
|b Международный конгресс
|d 14
|e Делфт
|f 1976
|
| 801 |
|
1 |
|a RU
|b 63413507
|c 20140213
|
| 801 |
|
2 |
|a RU
|b 63413507
|c 20160118
|g RCR
|
| 942 |
|
|
|c BK
|